000 00582nam a2200205Ia 4500
001 14464
003 GE_BSU
008 181216s||||||||xx |||||||||||||| ||und||
020 _a9780470133958
040 _cGE_BSU
080 _a004-43
100 _aWempen,Faithe
245 _aComp TIA A+Certification Workbook For Dummies
260 _c2007
300 _a390p.25cm.
653 _aComp TIA A+Certification Workbook For Dummies
653 _aინფორმატიკა
653 _aსაინფორმაციო ტექნოლოგიები
942 _cBK
999 _c47597
_d47597